Matemáticas de ciudades - Estadísticas

Estadísticas generales
  • Esta prueba ha sido intentada 2.521 veces
    2.520 desde el último reinicio
  • La puntuación promedio es 9 de 20
Estadísticas de respuestas
Sopa de letras Explicación Ciudad % Correcto
Antónimo de "impar" + "es" en inglés Par + is París
94%
Antónimo de mal + primera letra del abecedario Bien + a Viena
77%
Forma plural para "estar" + "toro" en inglés Están + bull Estambul
63%
Sonido que hace Santa Claus + antónimo de "sin" Ho + con Hong Kong
63%
Personaje principal en el budismo + enfermedad bubónica Buda + peste Budapest
62%
Montaña pequeña + grabación en movimiento Monte + video Montevideo
50%
Antónimo de "vieja" o "antigua" + dinastía real inglesa Nueva + York Nueva York
50%
Número divisor de 6, 9 y 18 + abreviación para "policía" Tres + poli Trípoli
50%
Flor asociada a la monarquía + Serpiente de 3 letras Lis + boa Lisboa
48%
"De acuerdo" coloquialmente + base donde están los dientes Vale + encía Valencia
48%
Planta con pétalos + abreviación de 2 letras para "inglés" + sistema de inteligencia estadounidense Flor + en + CIA Florencia
42%
Antónimo de pequeña + criatura que acompaña a Peter Pan Gran + hada Granada
40%
Persona canonizada + nombre similar a Iago + país mas largo verticalmente Santo + Tiago + Chile Santiago de Chile
40%
Diminutivo de Jacob + pintura, danza, escultura, cine... Jack + arte Yakarta
38%
Sinónimo de cacahuete + dominio de internet para Laos Maní + .la Manila
37%
Etnia principal china + ni ayer ni mañana Han + hoy Hanói
35%
Extensión de agua + estampa en una carta Mar + sello Marsella
34%
"Lujo" en francés + prohibición comercial a un país Luxe + embargo Luxemburgo
27%
Pieza más poderosa en ajedrez + repulsión y desagrado Dama + asco Damasco
21%
Pequeño roedor doméstico + "presa" o "dique" en la mayoría de lenguas germánicas Hámster + dam Ámsterdam
20%
No se encontraron pruebas coincidentes
Distribución de puntuación
Porcentaje de gente con cada puntuación
Porcentaje por número respondido
Historial de tus puntuaciones
No has intentado esta prueba desde el último reinicio